000 00461nam a22001817a 4500
005 20180202094915.0
008 160428b xxu||||| |||| 00| 0 eng d
020 _a81-7758581-9
041 _aeng
082 _b00715
_a004.6
100 _aStallings, william
_94047
245 _aData and Computer Communications
250 _a9th ed.
260 _aNew Delhi
_bPearson Education,
_c2007
300 _a855
650 _aInformation Technology
_9137
942 _cBK
999 _c207
_d207